00918nam a2200253 a 4500001001000000003000900010005001700019007001000036008004100046040002200087092001400109100003100123245011900154260004700273300002700320504002700347590006200374700003900436942001200475945002500487952009800512956003900610999001500649000029039DO-SdBNP20180327120122.0000029039110413s1997 dr a 000 p spa d aBPMETbspacBPMET axxxbL9371 aLuciano López, Margarita10aDe ronda por mi país :bpoesía para niños /cMargarita Luciano López ; prólogo Aída Bonelly de Díaz. aSanto Domingo :bEditora Búho,c[1997?]. a32 p. :bil. ;c23 cm. aBibliografía : p. 32 aLa biblioteca posee un ejemplar autografiado por el autor1 aBonelly de Díaz, Aídaepról. 2ddccBK aInventario / 2018 VM 00102ddc40708CI-DaBPMETbBPMETd2015-05-22l0pBPMSU15051764r2015-05-22w2015-05-22yBK aVMATEOb10c20150421lBPMSUh00151 c7672d7672